[Event "2012(Zaozhuang-China) Asian Nations Chess Cup"]
[Site "ZaoZhuang, China"]
[Date "2012.05.18"]
[Round "2"]
[Board "3"]
[White "Huang, Qian"]
[Black "Dewi, A.A Citra"]
[Result "1-0"]
[WhiteElo "2417"]
[BlackElo "2112"]
[PlyCount "0"]
[EventDate "2012.05.17"]
[EventType "team"]
[EventRounds "9"]
[EventCountry "CHN"]
[WhiteTeam "China 1"]
[BlackTeam "Indonesia"]

1. c4 Nf6 2. Nf3 g6 3. b3 Bg7 4. Bb2 O-O 5. g3 c5 6. Bg2 Nc6 7. O-O d6 8. d4
cxd4 9. Nxd4 Bd7 10. Nc3 Qc8 11. Re1 Nxd4 12. Qxd4 Ng4 13. Qd2 Re8 14. h3 Ne5
15. Kh2 Bc6 16. e4 b6 17. Rad1 Qb7 18. f4 Nd7 19. Nd5 Bxd5 20. Bxg7 Kxg7 21.
cxd5 Rac8 22. e5 Nc5 23. h4 a5 24. h5 Qb8 25. Qd4 f6 26. h6+ Kf7 27. Bh3 dxe5
28. fxe5 Rcd8 29. d6 exd6 30. Qd5+ Ne6 31. exd6 f5 32. Bxf5 gxf5 33. Qxf5+ Kg8
34. Rxe6 Qb7 35. Qg5+ 1-0

[Event "2012(Zaozhuang-China) Asian Nations Chess Cup"]
[Site "ZaoZhuang, China"]
[Date "2012.05.18"]
[Round "2"]
[Board "4"]
[White "Virda, Rizka Aulia"]
[Black "Ding, Yixin"]
[Result "0-1"]
[WhiteElo "1769"]
[BlackElo "2353"]
[PlyCount "0"]
[EventDate "2012.05.17"]
[EventType "team"]
[EventRounds "9"]
[EventCountry "CHN"]
[WhiteTeam "Indonesia"]
[BlackTeam "China 1"]

1. e4 c5 2. Nc3 e6 3. g3 Nc6 4. Bg2 g6 5. d3 Bg7 6. Be3 d6 7. Qd2 Rb8 8. Nge2
Nd4 9. O-O Ne7 10. Nd1 b5 11. Nc1 e5 12. c3 Ne6 13. f4 exf4 14. gxf4 f5 15. Ne2
O-O 16. Bf2 d5 17. e5 g5 18. d4 Ng6 19. fxg5 Nxg5 20. dxc5 Ne4 21. Bxe4 fxe4
22. Ne3 Be6 23. Nd4 Bh3 24. Bg3 Qg5 25. Rxf8+ Rxf8 26. Kh1 Bh6 27. Ndc2 Ne7 28.
Rg1 Qh5 29. Qd1 Qxd1 30. Rxd1 Rf3 31. Re1 Kf8 32. Kg1 Ke8 33. Bf2 Rf8 34. Rd1
Bf4 35. Bh4 Ng6 36. Bf6 Bxe5 37. Bxe5 Nxe5 38. Rxd5 Rg8+ 39. Kf2 Nd3+ 40. Ke2
Nf4+ 41. Kd2 Nxd5 42. Nxd5 Rg2+ 43. Kc1 Rxh2 44. Nf6+ Ke7 45. Nd5+ Ke6 46. Nc7+
Kd7 47. Nxb5 Kc6 48. Nd6 Kxc5 49. Nxe4+ Kd5 50. Ng5 Bg2 51. Ne3+ Kd6 52. Nxh7
Rxh7 53. Nxg2 Rh1+ 0-1

[Event "2012(Zaozhuang-China) Asian Nations Chess Cup"]
[Site "ZaoZhuang, China"]
[Date "2012.05.18"]
[Round "2"]
[Board "1"]
[White "Pourkashiyan, Atousa"]
[Black "Munguntuul, Batkhuyag"]
[Result "0-1"]
[WhiteElo "2336"]
[BlackElo "2451"]
[PlyCount "0"]
[EventDate "2012.05.17"]
[EventType "team"]
[EventRounds "9"]
[EventCountry "CHN"]
[WhiteTeam "Iran"]
[BlackTeam "Mongolia"]

1. e4 e5 2. Nf3 Nc6 3. Bb5 a6 4. Ba4 Nf6 5. O-O b5 6. Bb3 Bb7 7. Re1 Bc5 8. c3
O-O 9. d4 Bb6 10. Bg5 h6 11. Bh4 Re8 12. Qd3 d6 13. Nbd2 Na5 14. Bc2 c5 15. d5
c4 16. Qe2 g5 17. Nxg5 hxg5 18. Bxg5 Kg7 19. Qf3 Rh8 20. Nf1 Bc8 21. Ne3 Nb7
22. h4 Qe7 23. h5 Bd7 24. Rf1 Nc5 25. g3 Rag8 26. h6+ Rxh6 27. Bxh6+ Kxh6 28.
Kg2 Kg7 29. Rh1 Kf8 30. Nf5 Bxf5 31. Qxf5 Ng4 32. Raf1 Nd3 33. Bxd3 cxd3 34.
Qc8+ Qd8 35. Qxd8+ Bxd8 36. Rd1 Bb6 37. Rd2 f5 38. exf5 e4 39. Re1 Rh8 40. Rxe4
Rh2+ 41. Kf1 Nxf2 42. Rh4 Rxh4 43. gxh4 Be3 44. Rxf2 d2 45. Rxd2 Bxd2 46. Ke2
Bc1 47. b4 Kf7 48. Kd3 Kf6 49. c4 Kxf5 50. c5 dxc5 51. bxc5 Ke5 52. c6 Kd6 53.
h5 a5 54. Kd4 Bh6 55. Kd3 Bg7 56. Ke4 b4 57. Kd3 a4 58. Kc2 Be5 59. h6 Kxd5 60.
h7 Kxc6 61. Kb1 Kc5 62. Kc2 Kc4 63. Kb1 a3 64. Kc2 b3+ 65. Kb1 bxa2+ 66. Kxa2
Kb4 0-1

[Event "2012(Zaozhuang-China) Asian Nations Chess Cup"]
[Site "ZaoZhuang, China"]
[Date "2012.05.18"]
[Round "2"]
[Board "2"]
[White "Batchimeg, Tuvshintugs"]
[Black "Khademalsharieh, Sarasadat"]
[Result "1/2-1/2"]
[WhiteElo "2363"]
[BlackElo "2284"]
[PlyCount "0"]
[EventDate "2012.05.17"]
[EventType "team"]
[EventRounds "9"]
[EventCountry "CHN"]
[WhiteTeam "Mongolia"]
[BlackTeam "Iran"]

1. d4 Nf6 2. Nf3 e6 3. c4 b6 4. a3 Ba6 5. Qc2 Bb7 6. Nc3 c5 7. e4 cxd4 8. Nxd4
Bc5 9. Nb3 Nc6 10. Bg5 h6 11. Bh4 Nd4 12. Nxd4 Bxd4 13. Bd3 Qb8 14. Bg3 Be5 15.
O-O-O O-O 16. Kb1 a6 17. Qc1 d6 18. Bxe5 dxe5 19. f3 Bc6 20. Qe3 Rc8 21. Rc1
Ra7 22. Rhd1 Nd7 23. Rd2 Nc5 24. Bc2 a5 25. Rcd1 a4 26. Na2 Be8 27. Nc3 Rb7 28.
Nb5 Bxb5 29. cxb5 Ra7 30. Rd6 Ra5 31. Qe2 Kh7 32. h4 Ra7 33. g4 Rac7 34. Qe3 g6
35. g5 h5 36. f4 Nb7 37. R6d2 Na5 38. Qf2 Nc4 39. Re2 exf4 40. Bxa4 Ne3 41.
Rde1 Ra7 42. Bb3 Qe5 43. Qf3 Rd8 44. a4 Rd3 45. Rxe3 fxe3 46. Rxe3 Rd2 47. Rc3
Qh2 48. Bc2 Qg1+ 49. Ka2 Qc1 50. Kb3 Rd8 51. e5 Qa1 52. Qxh5+ Kg8 53. Qg4 Qh1
54. Qc4 Qg1 55. h5 gxh5 56. g6 Qg4 57. Qxg4 hxg4 58. Rc4 Rd5 59. Rxg4 Rxe5 60.
gxf7+ Kxf7 61. Rc4 Ke7 62. Be4 Kd8 63. Bc6 Rg7 64. a5 bxa5 65. Ka4 Re2 66. Kxa5
Rxb2 67. Kb6 Rg3 68. Rd4+ Ke7 69. Rd7+ Kf6 70. Rd6 Ke5 71. Rd8 Rc3 72. Re8 Kd6
73. Rd8+ Ke5 74. Re8 Kd6 75. Rd8+ Ke5 76. Re8 1/2-1/2

[Event "2012(Zaozhuang-China) Asian Nations Chess Cup"]
[Site "ZaoZhuang, China"]
[Date "2012.05.18"]
[Round "2"]
[Board "3"]
[White "Ghader Pour, Shayesteh"]
[Black "Bayarmaa, Bayarjargal"]
[Result "1-0"]
[WhiteElo "2241"]
[BlackElo "2009"]
[PlyCount "0"]
[EventDate "2012.05.17"]
[EventType "team"]
[EventRounds "9"]
[EventCountry "CHN"]
[WhiteTeam "Iran"]
[BlackTeam "Mongolia"]

1. e4 c5 2. Nf3 d6 3. d4 cxd4 4. Nxd4 Nf6 5. Nc3 a6 6. Bc4 e6 7. O-O b5 8. Bb3
b4 9. Na4 Nxe4 10. Re1 d5 11. Bf4 Qf6 12. Nxe6 fxe6 13. Bxd5 Nxf2 14. Qd2 Bd7
15. Qxf2 Be7 16. Bxa8 O-O 17. Nc5 Qxf4 18. Qxf4 Bxc5+ 19. Qe3 Rc8 20. Be4 Ba4
21. Rad1 Bxe3+ 22. Rxe3 g6 23. Red3 Nc6 24. Rd6 Kf7 25. Rd7+ Kf6 26. Rxh7 Ne5
27. Rf1+ Kg5 28. g3 Rd8 29. Rf4 Rd1+ 30. Kf2 Ng4+ 31. Ke2 1-0

[Event "2012(Zaozhuang-China) Asian Nations Chess Cup"]
[Site "ZaoZhuang, China"]
[Date "2012.05.18"]
[Round "2"]
[Board "4"]
[White "Saikhanzaya, Ganbaatar"]
[Black "Hejazipour, Mitra"]
[Result "0-1"]
[WhiteElo "1868"]
[BlackElo "2223"]
[PlyCount "0"]
[EventDate "2012.05.17"]
[EventType "team"]
[EventRounds "9"]
[EventCountry "CHN"]
[WhiteTeam "Mongolia"]
[BlackTeam "Iran"]

1. d4 Nf6 2. c4 e6 3. Nf3 b6 4. g3 Bb7 5. Bg2 Bb4+ 6. Bd2 a5 7. O-O O-O 8. Nc3
d6 9. Re1 Nbd7 10. Nh4 d5 11. cxd5 exd5 12. Nf5 g6 13. Nh4 Ne4 14. Nxe4 dxe4
15. Bh3 Nf6 16. a3 Bxd2 17. Qxd2 Re8 18. Ng2 Qd6 19. Red1 Rad8 20. Qg5 Nd5 21.
Ne3 f6 22. Qh4 Nxe3 23. fxe3 Ba6 24. Rd2 Kg7 25. Rc2 f5 26. Rac1 Rd7 27. Rc6
Qe7 28. Qf4 Rc8 29. Kf2 Bb7 30. R6c3 g5 31. Qe5+ Qxe5 32. dxe5 g4 33. Bg2 Kf7
34. h3 h5 35. hxg4 hxg4 36. Rc4 Ke6 37. Rd4 Bd5 38. Rh1 c5 39. Rh6+ Kxe5 40.
Rd1 Rc6 41. Rh8 Be6 42. Rxd7 Bxd7 43. Ke1 Rd6 44. Rh7 Kd5 45. Re7 Kc4 46. Bxe4
fxe4 47. Rxe4+ Kb3 48. Rf4 Kxb2 49. a4 Be6 0-1

[Event "2012(Zaozhuang-China) Asian Nations Chess Cup"]
[Site "ZaoZhuang, China"]
[Date "2012.05.18"]
[Round "2"]
[Board "1"]
[White "Khegay, Anjela"]
[Black "Pham, Le Thao Nguyen"]
[Result "0-1"]
[WhiteElo "2184"]
[BlackElo "2390"]
[PlyCount "0"]
[EventDate "2012.05.17"]
[EventType "team"]
[EventRounds "9"]
[EventCountry "CHN"]
[WhiteTeam "Singapore"]
[BlackTeam "Vietnam"]

1. d4 d5 2. c4 c6 3. Nf3 Nf6 4. g3 Bg4 5. Ne5 Bf5 6. Qb3 Qb6 7. c5 Qxb3 8. axb3
Nbd7 9. Bf4 Nxe5 10. Bxe5 Nd7 11. Bf4 e5 12. Be3 exd4 13. Bxd4 Nxc5 14. Nd2 a6
15. Bg2 Ne6 16. Bc3 Be7 17. O-O O-O 18. e3 Rfe8 19. b4 Rad8 20. Nb3 Nc7 21.
Rfe1 Nb5 22. Bf1 Nc7 23. Rec1 Bd6 24. Nc5 Bc8 25. Bd3 Re7 26. Nb3 Ne6 27. Rd1
Ng5 28. Nd4 Bg4 29. Nf5 Bxf5 30. Bxf5 Ne4 31. Be1 g6 32. Bh3 Be5 33. Ra2 f5 34.
Bg2 Rdd7 35. Kf1 Kf7 36. Ke2 Bf6 37. Bxe4 Rxe4 38. f3 Re6 39. Kd3 d4 40. e4
fxe4+ 41. fxe4 Rde7 42. b3 Rxe4 43. Bf2 R4e6 44. Rc2 Rd7 45. g4 Rde7 46. Rf1
Ke8 47. Rc4 Bg7 48. h3 Rf7 49. Rc2 Rf3+ 50. Kc4 d3 51. Rd2 Re2 0-1

[Event "2012(Zaozhuang-China) Asian Nations Chess Cup"]
[Site "ZaoZhuang, China"]
[Date "2012.05.18"]
[Round "2"]
[Board "2"]
[White "Nguyen, Thi Thanh An"]
[Black "Liu, Yang Hazel"]
[Result "1-0"]
[WhiteElo "2301"]
[BlackElo "2096"]
[PlyCount "0"]
[EventDate "2012.05.17"]
[EventType "team"]
[EventRounds "9"]
[EventCountry "CHN"]
[WhiteTeam "Vietnam"]
[BlackTeam "Singapore"]

1. d4 Nf6 2. Nf3 e6 3. g3 d5 4. Bg2 c5 5. O-O Nc6 6. c4 Be7 7. dxc5 O-O 8. a3
dxc4 9. Qc2 Bxc5 10. Qxc4 Bb6 11. Nc3 h6 12. Bf4 Qe7 13. Ne5 Nxe5 14. Bxe5 Nd5
15. Rad1 Bd7 16. Qg4 f6 17. Bd4 Bxd4 18. Qxd4 Nxc3 19. Qxc3 Rfc8 20. Qb3 Bc6
21. Bh3 Re8 22. Rd4 Kh8 23. Rfd1 e5 24. R4d2 Rad8 25. Qe3 Rxd2 26. Rxd2 Rd8 27.
Rxd8+ Qxd8 28. Qxa7 Qd1+ 29. Bf1 Qb3 30. Bh3 Qd1+ 31. Bf1 Qb3 32. f3 Qxb2 33.
Bh3 Qb1+ 34. Kf2 Qg6 35. Be6 Qe8 36. Bc4 Qd8 37. Qc5 g6 38. h4 h5 39. Bd3 Kg7
40. Bc2 Qd7 41. Ke1 Qd8 42. a4 Qd7 43. a5 Bb5 44. Be4 Ba6 45. Bb1 Qd8 46. Be4
Qd7 47. Bd5 g5 48. hxg5 fxg5 49. Be4 Qe6 50. Qc7+ Kf6 51. Bxb7 Bxb7 52. Qxb7
Qh3 53. Qc6+ Ke7 54. Qc7+ Kf6 55. Qd6+ 1-0

[Event "2012(Zaozhuang-China) Asian Nations Chess Cup"]
[Site "ZaoZhuang, China"]
[Date "2012.05.18"]
[Round "2"]
[Board "3"]
[White "Tay, Li Jin Jeslin"]
[Black "Pham, Bich Ngoc"]
[Result "1/2-1/2"]
[WhiteElo "2080"]
[BlackElo "2176"]
[PlyCount "0"]
[EventDate "2012.05.17"]
[EventType "team"]
[EventRounds "9"]
[EventCountry "CHN"]
[WhiteTeam "Singapore"]
[BlackTeam "Vietnam"]

1. d4 f5 2. c4 Nf6 3. Nc3 g6 4. f3 Bg7 5. e4 fxe4 6. fxe4 d6 7. Nf3 O-O 8. Be2
c5 9. d5 Ng4 10. O-O Nd7 11. h3 Nge5 12. Bg5 Nf7 13. Be3 Nde5 14. Qe1 Bd7 15.
Rc1 Qe8 16. b3 Bf6 17. Nh2 Kh8 18. Qg3 Rg8 19. Ng4 Nxg4 20. Bxg4 Bxg4 21. Qxg4
h5 22. Qd1 a6 23. Ne2 b5 24. Nf4 Ng5 25. Qd3 b4 26. h4 Nf7 27. Ne6 Rc8 28. Bg5
Bxg5 29. hxg5 Ne5 30. Qh3 Rg7 31. Nxg7 Kxg7 32. Qe6 Rc7 33. Qh3 Qc8 34. Qe3 Qg4
35. Rf2 Rc8 36. Rcf1 Rh8 37. Rf4 Qxg5 38. Rf7+ Nxf7 39. Rxf7+ Kh6 40. Qxg5+
Kxg5 41. Rxe7 Rd8 42. Re6 Kf4 43. Rxg6 Kxe4 44. Rh6 Kd3 45. Rxh5 a5 46. Rh3+
Kc2 47. g4 a4 48. Rg3 Kb2 49. Rg2+ Kc3 50. Rg3+ Kb2 51. Rg2+ 1/2-1/2

[Event "2012(Zaozhuang-China) Asian Nations Chess Cup"]
[Site "ZaoZhuang, China"]
[Date "2012.05.18"]
[Round "2"]
[Board "4"]
[White "Hoang, Thi Nhu Y"]
[Black "Chan, Wei Yi Victoria"]
[Result "1-0"]
[WhiteElo "2238"]
[BlackElo "1947"]
[PlyCount "0"]
[EventDate "2012.05.17"]
[EventType "team"]
[EventRounds "9"]
[EventCountry "CHN"]
[WhiteTeam "Vietnam"]
[BlackTeam "Singapore"]

1. c4 Nf6 2. Nc3 d5 3. d4 g6 4. cxd5 Nxd5 5. e4 Nxc3 6. bxc3 Bg7 7. Bc4 c5 8.
Ne2 Nc6 9. Be3 O-O 10. O-O Na5 11. Bd3 b6 12. Rb1 e5 13. dxc5 Rb8 14. Nc1 Be6
15. Qe2 Qc7 16. Nb3 Nxb3 17. axb3 bxc5 18. Bc4 Bd7 19. Rfd1 Rfd8 20. Bg5 Re8
21. h3 Bc6 22. Qe3 Bb5 23. Rd5 Bxc4 24. Rxc5 Qd6 25. Rxc4 Rxb3 26. Rxb3 Qd1+
27. Kh2 Qxb3 28. Rc7 a5 29. Qa7 a4 30. c4 Rf8 31. Be7 Re8 32. Bd6 Bh6 33. Rxf7
Qxc4 34. Rxh7 Qe6 35. Rxh6 Qxd6 36. Qh7+ Kf8 37. Rxg6 Qxg6 38. Qxg6 Re7 39.
Qf6+ Ke8 40. Qc6+ Kf8 41. Qxa4 Rf7 42. Qa5 Re7 43. g4 Kf7 44. Kg3 Kf6 45. Qb6+
Kf7 46. g5 Re6 47. Qxe6+ Kxe6 48. Kg4 Kf7 49. Kf5 Kg7 50. h4 Kf7 51. h5 Kg7 52.
Kxe5 Kh7 53. Kd6 Kg7 54. e5 Kh7 55. e6 Kg7 56. e7 Kh7 57. e8=Q Kg7 58. h6+ Kh7
59. Qf7+ 1-0

[Event "2012(Zaozhuang-China) Asian Nations Chess Cup"]
[Site "ZaoZhuang, China"]
[Date "2012.05.18"]
[Round "2"]
[Board "1"]
[White "Harika, Dronavalli"]
[Black "Khasanova, Flyura"]
[Result "1/2-1/2"]
[WhiteElo "2508"]
[BlackElo "2318"]
[PlyCount "0"]
[EventDate "2012.05.17"]
[EventType "team"]
[EventRounds "9"]
[EventCountry "CHN"]
[WhiteTeam "India"]
[BlackTeam "Kazakhstan"]

1. Nf3 Nf6 2. c4 g6 3. g3 Bg7 4. Bg2 O-O 5. O-O c5 6. Nc3 Nc6 7. d4 cxd4 8.
Nxd4 Ng4 9. e3 d6 10. b3 Nxd4 11. exd4 Nh6 12. Bxh6 Bxh6 13. Qe2 Rb8 14. Rfe1
Re8 15. Rad1 Bd7 16. h4 a6 17. h5 b5 18. c5 b4 19. Nd5 e6 20. Ne3 Bb5 21. Qf3
Rc8 22. Ng4 Bg5 23. a4 bxa3 24. b4 a2 25. hxg6 hxg6 26. Qb3 a5 27. f4 Bf6 28.
Nxf6+ Qxf6 29. Qxa2 axb4 30. cxd6 Red8 31. Qa5 1/2-1/2

[Event "2012(Zaozhuang-China) Asian Nations Chess Cup"]
[Site "ZaoZhuang, China"]
[Date "2012.05.18"]
[Round "2"]
[Board "2"]
[White "Dauletova, Gulmira"]
[Black "Karavade, Eesha"]
[Result "1-0"]
[WhiteElo "2278"]
[BlackElo "2353"]
[PlyCount "0"]
[EventDate "2012.05.17"]
[EventType "team"]
[EventRounds "9"]
[EventCountry "CHN"]
[WhiteTeam "Kazakhstan"]
[BlackTeam "India"]

1. e4 c5 2. Nf3 d6 3. d4 cxd4 4. Nxd4 Nf6 5. Nc3 a6 6. Bc4 e6 7. O-O Nbd7 8.
Re1 Nc5 9. b4 Ncxe4 10. Nxe4 Nxe4 11. Rxe4 d5 12. Nxe6 Bxe6 13. Bxd5 Be7 14. c4
Bf6 15. Rb1 O-O 16. Re1 Rc8 17. Bxe6 fxe6 18. Qe2 Bc3 19. Rd1 Qf6 20. Be3 Rfd8
21. a3 Qe5 22. Qg4 Bb2 23. Re1 Bc3 24. Bd2 Qd4 25. Qxe6+ Kh8 26. Bxc3 Qxc3 27.
c5 Qxa3 28. Rbd1 Rf8 29. Rd4 Qb2 30. Rf4 h6 31. Qe2 Qxe2 32. Rxf8+ Rxf8 33.
Rxe2 Rf4 34. Rb2 Rc4 35. Kf1 a5 36. bxa5 Rxc5 37. Ra2 Kg8 38. Ke2 Kf7 39. Kd3
Ke6 40. Kd4 Kd6 41. a6 bxa6 42. Rxa6+ Rc6 43. Rxc6+ Kxc6 44. Ke5 Kd7 45. Kf5
Ke7 46. Kg6 Kf8 47. f4 Kg8 48. f5 Kf8 49. f6 gxf6 50. Kxf6 1-0

[Event "2012(Zaozhuang-China) Asian Nations Chess Cup"]
[Site "ZaoZhuang, China"]
[Date "2012.05.18"]
[Round "2"]
[Board "3"]
[White "Tania, Sachdev"]
[Black "Davletbayeva, Madina"]
[Result "1-0"]
[WhiteElo "2417"]
[BlackElo "2183"]
[PlyCount "0"]
[EventDate "2012.05.17"]
[EventType "team"]
[EventRounds "9"]
[EventCountry "CHN"]
[WhiteTeam "India"]
[BlackTeam "Kazakhstan"]

1. d4 Nf6 2. c4 e6 3. Nf3 b6 4. g3 Bb7 5. Bg2 Be7 6. O-O O-O 7. Re1 d5 8. cxd5
exd5 9. Nc3 c5 10. dxc5 bxc5 11. Ne5 Nbd7 12. Nc4 Nb6 13. Na5 Qd7 14. Nxb7 Qxb7
15. e4 dxe4 16. Nxe4 Nfd5 17. Nc3 Rad8 18. Qb3 c4 19. Nxd5 Rxd5 20. Bxd5 Qxd5
21. Qc2 Bf6 22. Bd2 h6 23. Bc3 Bxc3 24. Qxc3 Na4 25. Qc2 Nc5 26. Rad1 Nd3 27.
Re3 Qh5 28. Qe2 Qxe2 29. Rxe2 Rb8 30. Rc2 Rb4 31. a3 Ra4 32. b3 Rxa3 33. bxc4
Nc5 34. Kf1 Kf8 35. Ke2 Ke7 36. Rd5 Ra5 37. Rcd2 a6 38. f3 Ke6 39. Kf2 f6 40.
g4 Nb3 41. Re2+ Kf7 42. Rxa5 Nxa5 43. c5 Nc6 44. Rd2 Ke7 45. Rd6 Ne5 46. Ke2
Nd7 47. Rd5 Ne5 48. f4 Nc6 49. Rd6 Nd8 50. Kd3 Ne6 51. Kc4 Nxf4 52. Rxa6 g5 53.
Ra7+ Ke6 54. c6 h5 55. gxh5 Nxh5 56. Rh7 Nf4 57. c7 Nd5 58. c8=Q+ 1-0

[Event "2012(Zaozhuang-China) Asian Nations Chess Cup"]
[Site "ZaoZhuang, China"]
[Date "2012.05.18"]
[Round "2"]
[Board "4"]
[White "Saduakassova, Dinara"]
[Black "Padmini, Rout"]
[Result "0-1"]
[WhiteElo "2219"]
[BlackElo "2345"]
[PlyCount "0"]
[EventDate "2012.05.17"]
[EventType "team"]
[EventRounds "9"]
[EventCountry "CHN"]
[WhiteTeam "Kazakhstan"]
[BlackTeam "India"]

1. e4 c5 2. Nf3 d6 3. d4 cxd4 4. Nxd4 Nf6 5. Nc3 a6 6. Be2 e5 7. Nb3 Be7 8. Bg5
Be6 9. Bxf6 Bxf6 10. Qd3 O-O 11. Rd1 Be7 12. Nd5 Bxd5 13. Qxd5 Qb6 14. O-O Nd7
15. Bf3 Nf6 16. Qd3 Rfc8 17. c3 Bf8 18. Rb1 Rc6 19. Na1 Rac8 20. Nc2 Rc5 21.
Ne3 h5 22. Rfd1 g6 23. Rd2 Qc7 24. Rbd1 b5 25. Qe2 a5 26. a3 Qb6 27. Nc2 d5 28.
exd5 e4 29. Bxe4 Re8 30. Rd4 Rc4 31. Rxc4 bxc4 32. Rd4 Qxb2 33. g3 Qxc3 34.
Rxc4 Qe5 35. f3 Nxd5 36. Qf2 Nf6 37. Bd3 Nd7 38. Kg2 Bc5 39. Qd2 Qd5 40. Re4
Rd8 41. Qxa5 Nf6 42. Re1 Ng4 43. Be2 Re8 44. Qb5 Ne3+ 45. Nxe3 Rxe3 46. Qb8+
Kh7 47. Qf4 g5 48. Qa4 Kg7 49. Qc2 g4 50. Rf1 Bd4 51. Qc4 Qe5 52. Bd1 Rc3 53.
Qa2 f5 54. Qd2 Re3 55. Qc2 Rxa3 56. h3 gxh3+ 57. Kxh3 f4 58. gxf4 Qxf4 59. Qc4
Kh6 60. Be2 Re3 61. Qc2 Be5 62. Qc6+ Bd6 0-1

[Event "2012(Zaozhuang-China) Asian Nations Chess Cup"]
[Site "ZaoZhuang, China"]
[Date "2012.05.18"]
[Round "2"]
[Board "1"]
[White "Zhai, Mo"]
[Black "Tan, Zhongyi"]
[Result "1-0"]
[WhiteElo "2248"]
[BlackElo "2430"]
[PlyCount "0"]
[EventDate "2012.05.17"]
[EventType "team"]
[EventRounds "9"]
[EventCountry "CHN"]
[WhiteTeam "China 3"]
[BlackTeam "China 2"]

1. e4 d6 2. d4 g6 3. Nc3 Bg7 4. Be3 a6 5. Nf3 Nf6 6. h3 O-O 7. Qd2 b5 8. Bd3
Bb7 9. a3 Nbd7 10. Bh6 e5 11. dxe5 dxe5 12. O-O Qe7 13. Rfe1 Rad8 14. Bxg7 Kxg7
15. Qe3 Nc5 16. Rad1 Nxd3 17. Rxd3 Rxd3 18. Qxd3 Rd8 19. Qe3 c5 20. Qg5 Re8 21.
Nd2 c4 22. Nf1 h6 23. Qe3 Rd8 24. Qa7 Qc7 25. Qe3 Qc6 26. Ng3 a5 27. Qa7 Ra8
28. Qe3 Re8 29. Qd2 Qc5 30. Nd1 Qb6 31. a4 Rd8 32. Qe3 Qxe3 33. Nxe3 c3 34.
axb5 cxb2 35. Rb1 Nxe4 36. Nxe4 Bxe4 37. Rxb2 Ra8 38. Ra2 a4 39. f3 Bb7 40. Ra3
f5 41. Nc4 Kf6 42. Kf1 Ke6 43. Nb6 Rb8 44. Nxa4 Bd5 45. Nc3 e4 46. fxe4 Bxe4
47. Nxe4 fxe4 48. Ra6+ Kd5 49. Rxg6 Rxb5 50. Ke2 Rb2 51. Kd2 h5 52. Kc3 Rb1 53.
Rg5+ Ke6 54. Rxh5 Rd1 55. Rh8 Ke5 56. g3 Rg1 57. Rg8 Rd1 58. h4 Kf5 59. h5 Ke5
60. h6 Rh1 61. Rh8 Kf6 62. Kd4 Rc1 63. Rc8 Kg6 64. Rc6+ 1-0

[Event "2012(Zaozhuang-China) Asian Nations Chess Cup"]
[Site "ZaoZhuang, China"]
[Date "2012.05.18"]
[Round "2"]
[Board "2"]
[White "Zhang, Xiaowen"]
[Black "Ren, Xiaoyi"]
[Result "1/2-1/2"]
[WhiteElo "2385"]
[BlackElo "2202"]
[PlyCount "0"]
[EventDate "2012.05.17"]
[EventType "team"]
[EventRounds "9"]
[EventCountry "CHN"]
[WhiteTeam "China 2"]
[BlackTeam "China 3"]

1. e4 g6 2. d4 Bg7 3. Nc3 d6 4. Be3 Nf6 5. h3 O-O 6. Nf3 c6 7. Bd3 Qc7 8. O-O
e5 9. Qd2 Rd8 10. Bh6 Nbd7 11. Bxg7 Kxg7 12. Rad1 b5 13. Ne2 c5 14. c3 Nf8 15.
d5 c4 16. Bc2 h6 17. Ng3 N8d7 18. Nh4 Nc5 19. f4 Qe7 20. Nf3 Ne8 21. fxe5 dxe5
22. Qe3 Nb7 23. Rf2 Rd6 24. a4 a6 25. Ra1 Bd7 26. axb5 Bxb5 27. Nf1 Rf6 28.
N1h2 Qc5 29. Qxc5 Nxc5 30. Ng4 Rb6 31. Nfxe5 f6 32. Nf3 h5 33. Ne3 Nd6 34. e5
fxe5 35. Nxe5 Re8 1/2-1/2

[Event "2012(Zaozhuang-China) Asian Nations Chess Cup"]
[Site "ZaoZhuang, China"]
[Date "2012.05.18"]
[Round "2"]
[Board "3"]
[White "Ni, Shiqun"]
[Black "Wang, Jue"]
[Result "1-0"]
[WhiteElo "2157"]
[BlackElo "2364"]
[PlyCount "0"]
[EventDate "2012.05.17"]
[EventType "team"]
[EventRounds "9"]
[EventCountry "CHN"]
[WhiteTeam "China 3"]
[BlackTeam "China 2"]

1. e4 c5 2. Nf3 e6 3. c4 Nc6 4. d4 cxd4 5. Nxd4 Nf6 6. Nc3 Bb4 7. Nxc6 dxc6 8.
Qxd8+ Kxd8 9. e5 Ng4 10. Bf4 f5 11. exf6 Nxf6 12. O-O-O+ Ke7 13. f3 Bd7 14. Kc2
b5 15. a3 Bxc3 16. Bd6+ Kf7 17. Kxc3 bxc4 18. Bxc4 Nd5+ 19. Kd4 a5 20. Rhe1 a4
21. f4 g6 22. Ke4 Ra7 23. Kf3 Rb7 24. Rd2 h5 25. g3 Bc8 26. h3 Rd7 27. Be5 Rh7
28. Rc1 Bb7 29. Kf2 Rd8 30. Be2 h4 31. g4 Ke8 32. Bd3 Ne7 33. Rcd1 Rf7 34. Be4
Rxd2+ 35. Rxd2 Bc8 36. Rd4 g5 37. Bc7 Bd7 38. Rxa4 gxf4 39. Ra8+ Bc8 40. g5 Kd7
41. Ra7 e5 42. g6 Rf8 43. g7 Re8 44. Bxe5+ Ke6 45. Bxf4 Rg8 46. Bg5 Nf5 47. Bc2
Kd6 48. Bf4+ Kc5 49. Bxf5 Bxf5 50. Ra5+ Kc4 51. Rxf5 Rxg7 52. Be5 Rh7 53. Rf4+
Kd5 54. Bf6 c5 55. Kf3 c4 56. Rxh4 Rb7 57. Rh5+ Ke6 58. Bd4 Rb3+ 59. Ke4 Rd3
60. Rh6+ Kf7 61. Kd5 1-0

[Event "2012(Zaozhuang-China) Asian Nations Chess Cup"]
[Site "ZaoZhuang, China"]
[Date "2012.05.18"]
[Round "2"]
[Board "4"]
[White "Guo, Qi"]
[Black "Lei, Tingjie"]
[Result "0-1"]
[WhiteElo "2360"]
[BlackElo "2154"]
[PlyCount "0"]
[EventDate "2012.05.17"]
[EventType "team"]
[EventRounds "9"]
[EventCountry "CHN"]
[WhiteTeam "China 2"]
[BlackTeam "China 3"]

1. d4 d5 2. Nf3 Nf6 3. c4 c6 4. Nc3 dxc4 5. a4 Bf5 6. Ne5 Nbd7 7. Nxc4 Qc7 8.
g3 e5 9. dxe5 Nxe5 10. Bf4 Rd8 11. Qc1 Bd6 12. Nxd6+ Qxd6 13. Bg2 O-O 14. O-O
a5 15. Qe3 Nfg4 16. Qb6 Qb4 17. Qxb4 axb4 18. Na2 Ng6 19. Bc1 Rfe8 20. e4 Bxe4
21. Bxe4 Rxe4 22. f3 Re2 23. fxg4 c5 24. b3 h6 25. Rf2 Rd1+ 26. Kg2 Ree1 27.
Rb1 Ne5 28. Rbb2 Nd3 29. Rbc2 Nxc1 30. Rxc5 Nd3 31. Rc8+ Kh7 32. Rfc2 Rg1+ 33.
Kh3 g5 34. R8c4 Nf4+ 35. Rxf4 gxf4 36. Nxb4 f3 37. a5 Rge1 38. Rf2 Re4 39. Nc2
Re2 40. Rxf3 Rxc2 41. Rxf7+ Kg6 42. Rxb7 Rdd2 43. Rb6+ Kg7 44. Rb7+ Kf6 45.
Rb6+ Ke5 46. Rb5+ Ke4 47. Rb4+ Ke3 48. g5 h5 0-1

[Event "2012(Zaozhuang-China) Asian Nations Chess Cup"]
[Site "ZaoZhuang, China"]
[Date "2012.05.19"]
[Round "3"]
[Board "1"]
[White "Tan, Zhongyi"]
[Black "Zhao, Xue"]
[Result "1/2-1/2"]
[WhiteElo "2430"]
[BlackElo "2549"]
[PlyCount "0"]
[EventDate "2012.05.17"]
[EventType "team"]
[EventRounds "9"]
[EventCountry "CHN"]
[WhiteTeam "China 2"]
[BlackTeam "China 1"]

1. Nf3 Nf6 2. c4 b6 3. Nc3 Bb7 4. d4 e6 5. Bg5 h6 6. Bh4 g5 7. Bg3 Nh5 8. e3 d6
9. Bd3 Nd7 10. d5 Nxg3 11. hxg3 Bg7 12. dxe6 fxe6 13. Bg6+ Ke7 14. Qc2 Qg8 15.
Be4 Bxc3+ 16. bxc3 Bxe4 17. Qxe4 Nc5 18. Qg4 Qg6 19. Rd1 Raf8 20. O-O Ne4 21.
Nd4 h5 22. Qh3 Qf6 23. f3 Nc5 24. e4 Kd7 25. Rde1 h4 26. e5 dxe5 27. Nb3 Na4
28. g4 Kc8 29. Qh2 Qf4 30. Rxe5 Qxc4 31. Re4 Qc6 32. Nd4 Qc5 33. Kh1 Nxc3 34.
Nxe6 Nxe4 35. Nxc5 Ng3+ 36. Kg1 bxc5 37. Re1 Re8 38. Kf2 Rxe1 39. Kxe1 Re8+ 40.
Kd1 Ne2 41. f4 Nxf4 42. g3 Re2 43. Qg1 hxg3 44. Qxg3 Rxa2 45. Qb3 Ra1+ 46. Kd2
c4 47. Qb5 Ra3 48. Qf5+ Kb7 49. Qxg5 Rd3+ 50. Ke1 Nd5 51. Qc1 Rc3 52. Qb2+ Kc6
53. Qa2 Rc1+ 54. Kf2 c3 55. Qa4+ Kb6 56. Ke2 Rb1 57. g5 Rb4 58. Qd1 Kc6 59. Kd3
Rb2 60. Qe1 Rg2 61. Qe8+ Kc5 62. Qf8+ Kc6 63. Qe8+ Kc5 64. Qf8+ Kc6 1/2-1/2